Southville International School and Colleges
Your cart is empty.
  • Cart
  • Lists
    Public lists Eva Luna New books Lux_list list_1
    Your lists Log in to create your own lists
  • Log in to your account
  • Your cookies
  • Search history
Southville International School and Colleges
  • Advanced search
  • Recent comments
  • Most popular
  • Libraries

Log in to your account

Log in with GOOGLE


If you do not have an external account, but do have a local account, you can still log in:

  1. Home
  2. MARC view: What makes a magnet.
Normal view MARC view ISBD view

What makes a magnet. (Record no. 110112)

[ view plain ]
MARC details
000 -LEADER
fixed length control field 00587nam a2200181 a 4500
005 - DATE AND TIME OF LATEST TRANSACTION
control field 20140414131849.0
008 - FIXED-LENGTH DATA ELEMENTS--GENERAL INFORMATION
fixed length control field 100728s19uu xx 00 eng d
050 ## - LIBRARY OF CONGRESS CALL NUMBER
Classification number M 538.4
Item number B73 1996
100 ## - MAIN ENTRY--PERSONAL NAME
Personal name Branley, Franklyn
245 ## - TITLE STATEMENT
Title What makes a magnet.
260 ## - PUBLICATION, DISTRIBUTION, ETC. (IMPRINT)
Place of publication, distribution, etc New York :
Name of publisher, distributor, etc Harper Collins,
Date of publication, distribution, etc 1996.
300 ## - PHYSICAL DESCRIPTION
Extent 32
440 ## - SERIES STATEMENT/ADDED ENTRY--TITLE
Title Let's-read-and-find-out science
520 ## - SUMMARY, ETC.
Summary, etc Describes how magnets work and include instructions for making a magnet and a compass.
650 ## - SUBJECT ADDED ENTRY--TOPICAL TERM
Topical term or geographic name as entry element Magnets-juvenile literature
650 ## - SUBJECT ADDED ENTRY--TOPICAL TERM
Topical term or geographic name as entry element Magnets-experiments-juvenile literature
Holdings
Withdrawn status Lost status Damaged status Home library Current library Shelving location Date acquired Total Checkouts Full call number Barcode Date last seen Price effective from Koha item type
      Munich Library Munich Library Main Section 07/28/2010   M 538.4 B73 1996 M0407 04/14/2014 04/14/2014 Books

What makes a magnet.

APA

Branley F., . (1996). What makes a magnet. New York: Harper Collins.

Chicago

Branley Franklyn, . 1996. What makes a magnet. New York: Harper Collins.

Harvard

Branley F., . (1996). What makes a magnet. New York: Harper Collins.

MLA

Branley Franklyn, . What makes a magnet. New York: Harper Collins. 1996.

  • Place hold
  • Print
  • Cite
  • Add to your cart (remove)
  • Save record
    BIBTEX Dublin Core MARCXML MARC (non-Unicode/MARC-8) MARC (Unicode/UTF-8) MARC (Unicode/UTF-8, Standard) MODS (XML) RIS
  • More searches
    Search for this title in:
    Other Libraries (WorldCat) Other Databases (Google Scholar) Online Stores (Bookfinder.com) Open Library (openlibrary.org)

Exporting to Dublin Core...

SOUTHVILLE LIBRARY

Southville International School and Colleges Library

1281 Tropical Ave. Cor. Luxembourg St., BF Homes International, Las Pinas City

Tel. No. 8256374 / 252358 Loc. 117/146

Powered by Koha